[Event "MCRE_CF17"]
[Site "?"]
[Date "2007.??.??"]
[Round "?"]
[White "Cerveny, Libor"]
[Black "Tunega, Frantisek"]
[Result "1/2-1/2"]
[WhiteElo "2005"]
[BlackElo "1800"]
[PlyCount "86"]
[EventDate "2007.??.??"]
[EventType "corr"]
[EventRounds "2"]
[SourceDate "2007.09.24"]

1. e4 c5 2. Nf3 Nc6 3. d4 cxd4 4. Nxd4 Nf6 5. Nc3 e5 6. Ndb5 d6 7. Bg5 a6 8.
Na3 b5 9. Bxf6 gxf6 10. Nd5 f5 11. Bd3 Be6 12. Qh5 Bg7 13. O-O f4 14. c4 bxc4
15. Nxc4 O-O 16. Rac1 Nd4 17. Na3 f5 18. Nc2 Bxd5 19. exd5 e4 20. Bc4 Kh8 21.
b3 Qd7 22. Kh1 f3 23. gxf3 Nxf3 24. Be2 Nd4 25. Nxd4 Bxd4 26. Qh6 a5 27. f3 e3
28. Rfd1 Bc5 29. Rg1 Qe7 30. Rg5 Rf6 31. Qh5 Qf7 32. Qh4 Rg8 33. Rcg1 Rxg5 34.
Rxg5 h6 35. Rg2 Rg6 36. Rxg6 Qxg6 37. Qd8+ Kg7 38. Qe7+ Qf7 39. Qxf7+ Kxf7 40.
f4 Kg6 41. Kg2 Bd4 42. Kf3 h5 43. Kg2 h4 1/2-1/2

[Event "MCRE_CF17"]
[Site "?"]
[Date "2007.??.??"]
[Round "?"]
[White "Tyrlik, Jaroslav"]
[Black "Cerveny, Libor"]
[Result "1/2-1/2"]
[WhiteElo "2087"]
[BlackElo "2005"]
[PlyCount "118"]
[EventDate "2007.??.??"]
[EventType "corr"]
[EventRounds "2"]
[SourceDate "2007.09.24"]

1. e4 c6 2. d4 d5 3. e5 Bf5 4. Nf3 e6 5. Nbd2 Nd7 6. Nb3 Ne7 7. Be2 Ng6 8. O-O
Nh4 9. Ne1 Bg6 10. Nd3 Be7 11. a4 O-O 12. a5 Qc7 13. Re1 Be4 14. Bf1 Ng6 15.
Nf4 c5 16. f3 Bf5 17. g4 Nxf4 18. gxf5 Bg5 19. c4 Rae8 20. Kh1 dxc4 21. Nxc5
Nxc5 22. dxc5 exf5 23. Qd6 Qc8 24. Bxf4 Bxf4 25. Qd4 g5 26. Bxc4 Qc6 27. e6
fxe6 28. Ra3 Kf7 29. a6 Rd8 30. Qc3 Rfe8 31. axb7 Rd2 32. Re5 Qxb7 33. Rxf5+
Kg8 34. Qf6 Rd1+ 35. Kg2 Rd2+ 36. Kf1 Qd7 37. Bd3 Rxh2 38. c6 Qe7 39. Qxe7 Rxe7
40. Rfa5 Rc7 41. Be4 Rxb2 42. Rxa7 Rb8 43. Rxc7 Bxc7 44. Ra7 Rc8 45. Bd3 Bb6
46. Bxh7+ Kf8 47. Rd7 Rxc6 48. Be4 Rc1+ 49. Ke2 Bc7 50. Bg6 Bf4 51. Rf7+ Kg8
52. Re7 e5 53. Kd3 Re1 54. Kc4 Rf1 55. Be4 Rd1 56. Kc5 Kf8 57. Rb7 Ke8 58. Kc6
Rd4 59. Bg6+ Kf8 1/2-1/2

[Event "MCRE_CF17"]
[Site "?"]
[Date "2007.??.??"]
[Round "?"]
[White "Tunega, Frantisek"]
[Black "Tyrlik, Jaroslav"]
[Result "1/2-1/2"]
[WhiteElo "1800"]
[BlackElo "2087"]
[PlyCount "37"]
[EventDate "2007.??.??"]
[EventType "corr"]
[EventRounds "2"]
[SourceDate "2007.09.24"]

1. e4 e5 2. Nf3 Nf6 3. d4 Nxe4 4. Bd3 Nc6 5. dxe5 Nc5 6. Bc4 d6 7. O-O dxe5 8.
Qxd8+ Nxd8 9. Nxe5 Bd6 10. Nd3 Be6 11. Nxc5 Bxc4 12. Re1+ Be6 13. Ne4 Be7 14.
Nbc3 Nc6 15. Rd1 Rd8 16. Bf4 f5 17. Ng5 Bc4 18. Nf3 Bf6 19. Bxc7 1/2-1/2

[Event "MCRE_CF17"]
[Site "?"]
[Date "2007.??.??"]
[Round "?"]
[White "Tyrlik, Jaroslav"]
[Black "Tunega, Frantisek"]
[Result "1/2-1/2"]
[WhiteElo "2087"]
[BlackElo "1800"]
[PlyCount "40"]
[EventDate "2007.??.??"]
[EventType "corr"]
[EventRounds "2"]
[SourceDate "2007.09.24"]

1. e4 c5 2. Nf3 Nc6 3. d4 cxd4 4. Nxd4 Nf6 5. Nc3 e5 6. Ndb5 d6 7. Nd5 Nxd5 8.
exd5 Ne7 9. c3 Nf5 10. Bd3 a6 11. Na3 Be7 12. O-O O-O 13. Qc2 g6 14. Nc4 b5 15.
Ne3 Ng7 16. a4 Bd7 17. axb5 axb5 18. Rxa8 Qxa8 19. Qe2 Rb8 20. f4 f5 1/2-1/2

[Event "MCRE_CF17"]
[Site "?"]
[Date "2007.??.??"]
[Round "?"]
[White "Svoboda, Frantisek"]
[Black "Tyrlik, Jaroslav"]
[Result "1-0"]
[WhiteElo "2053"]
[BlackElo "2087"]
[PlyCount "87"]
[EventDate "2007.??.??"]
[EventType "corr"]
[EventRounds "2"]
[SourceDate "2007.09.24"]

1. e4 e5 2. Nc3 Nc6 3. Bc4 Nf6 4. d3 Na5 5. Nge2 c6 6. a4 Nxc4 7. dxc4 Bc5 8.
O-O d6 9. Qd3 O-O 10. Ng3 a5 11. Rb1 Re8 12. Nf5 Bb4 13. Rd1 Bxc3 14. bxc3 Bxf5
15. exf5 Qc7 16. Bg5 Nd7 17. Qxd6 Qxd6 18. Rxd6 Nc5 19. f3 e4 20. Kf2 exf3 21.
gxf3 Nxa4 22. Rxb7 Nc5 23. Rb1 Re5 24. Rxc6 Rxf5 25. Be3 Ne4+ 26. Kg2 Rf6 27.
Rcb6 Rxb6 28. Rxb6 Nf6 29. Bc1 Nd7 30. Rd6 Nf8 31. Ba3 Ne6 32. c5 a4 33. c6 g5
34. c4 Rc8 35. Kf2 h5 36. Ke3 Kg7 37. Ke4 Kf6 38. Kd5 g4 39. fxg4 hxg4 40. Rd7
Kg6 41. Ra7 Rd8+ 42. Bd6 a3 43. c5 Kf6 44. Rxa3 1-0

[Event "MCRE_CF17"]
[Site "?"]
[Date "2007.??.??"]
[Round "?"]
[White "Tunega, Frantisek"]
[Black "Cerveny, Libor"]
[Result "0-1"]
[WhiteElo "1800"]
[BlackElo "2005"]
[PlyCount "86"]
[EventDate "2007.??.??"]
[EventType "corr"]
[EventRounds "2"]
[SourceDate "2007.09.24"]

1. e4 c6 2. d4 d5 3. e5 Bf5 4. Nc3 e6 5. g4 Bg6 6. Nge2 c5 7. h4 cxd4 8. Nxd4
h5 9. Bb5+ Nd7 10. Bg5 Be7 11. f4 hxg4 12. Qxg4 Bxg5 13. fxg5 Bh5 14. Qh3 a6
15. Be2 Bxe2 16. Ncxe2 Nxe5 17. O-O-O Qd6 18. h5 Nc4 19. g6 f5 20. Qf3 Ne7 21.
h6 O-O-O 22. hxg7 Rhg8 23. Qc3 e5 24. b3 exd4 25. Nxd4 Qa3+ 26. Kb1 Kb8 27. Rh8
Rc8 28. Rxg8 Rxg8 29. Rh1 Ka7 30. Ne2 Nb6 31. Rh8 Qd6 32. a4 Nd7 33. Rxg8 Nxg8
34. Qc8 Ndf6 35. Qxf5 Qe7 36. Nf4 Qe4 37. Qg5 Qe1+ 38. Kb2 Qe3 39. Qf5 Qd4+ 40.
Kb1 Ne4 41. Ne6 Nc3+ 42. Ka1 Qd2 43. Kb2 Nd1+ 0-1

[Event "MCRE_CF17"]
[Site "?"]
[Date "2007.??.??"]
[Round "?"]
[White "Tunega, Frantisek"]
[Black "Svoboda, Frantisek"]
[Result "1/2-1/2"]
[WhiteElo "1800"]
[BlackElo "2053"]
[PlyCount "73"]
[EventDate "2007.??.??"]
[EventType "corr"]
[EventRounds "2"]
[SourceDate "2007.09.24"]

1. e4 Nc6 2. d4 d5 3. exd5 Qxd5 4. Nf3 Bg4 5. Be2 O-O-O 6. c4 Qf5 7. Be3 Bxf3
8. Bxf3 Nxd4 9. Bxd4 Qe6+ 10. Be2 Qe4 11. O-O e6 12. Qa4 Qxd4 13. Nc3 Qb6 14.
Rab1 Qa6 15. Qc2 Bb4 16. a3 Bxc3 17. Qxc3 Nf6 18. Rbd1 c6 19. Qg3 Rxd1 20. Rxd1
Rg8 21. b4 Qb6 22. h3 h6 23. Bd3 a5 24. Rb1 Qc7 25. Qe3 axb4 26. axb4 Kd7 27.
Be2 Ra8 28. Bf3 Ke7 29. Qc5+ Ke8 30. Qe3 Kf8 31. Qc5+ Qe7 32. Qe5 Nh7 33. b5
Ng5 34. Bh5 f6 35. Qe3 cxb5 36. cxb5 e5 37. Rc1 1/2-1/2

[Event "MCRE_CF17"]
[Site "?"]
[Date "2007.??.??"]
[Round "?"]
[White "Cerveny, Libor"]
[Black "Tyrlik, Jaroslav"]
[Result "0-1"]
[WhiteElo "2005"]
[BlackElo "2087"]
[PlyCount "140"]
[EventDate "2007.??.??"]
[EventType "corr"]
[EventRounds "2"]
[SourceDate "2007.09.24"]

1. e4 e5 2. Nf3 Nf6 3. d4 Nxe4 4. Bd3 Nc6 5. dxe5 Nc5 6. Bc4 d6 7. O-O dxe5 8.
Qxd8+ Nxd8 9. Nxe5 Bd6 10. Nd3 Be6 11. Re1 Nxd3 12. Bxd3 Nc6 13. Nc3 O-O-O 14.
Bg5 Rd7 15. Be4 Nd4 16. Be3 Bb4 17. Rab1 c6 18. Bd3 Nf5 19. Bf4 h6 20. a3 Bd6
21. Bd2 Rhd8 22. Ne4 Bf8 23. b4 Nd4 24. Be3 b6 25. a4 Kb7 26. Ng3 a6 27. Be4
Ba2 28. Rb2 Bd5 29. Bd3 Ne6 30. Ne4 Nc7 31. c4 Be6 32. Be2 f5 33. Nc3 g5 34. b5
axb5 35. axb5 c5 36. Na4 g4 37. Ra2 h5 38. Ra3 Bg8 39. g3 Rd6 40. Bf1 Bh6 41.
Bxh6 Rxh6 42. Rd3 Rhd6 43. Ree3 Rxd3 44. Bxd3 Ra8 45. Nc3 Ra3 46. Bf1 Ra1 47.
Kg2 h4 48. gxh4 f4 49. Rd3 f3+ 50. Kg1 Ne6 51. Nd5 Nd4 52. Ne3 Bxc4 53. Rxd4
Bxf1 54. Rd7+ Kc8 55. Rd1 Rxd1 56. Nxd1 Bxb5 57. h3 gxh3 58. h5 Kd7 59. h6 Bd3
60. Kh2 b5 61. Kxh3 c4 62. Kg4 Bg6 63. Nc3 Kc6 64. Kxf3 b4 65. Ne2 Kc5 66. Nf4
Bh7 67. Ne6+ Kd5 68. Nf8 Bf5 69. Ke3 c3 70. f3 Kc4 0-1

[Event "MCRE_CF17"]
[Site "?"]
[Date "2007.??.??"]
[Round "?"]
[White "Struzka, Vlastimil"]
[Black "Tyrlik, Jaroslav"]
[Result "0-1"]
[WhiteElo "2111"]
[BlackElo "2087"]
[PlyCount "176"]
[EventDate "2007.??.??"]
[EventType "corr"]
[EventRounds "2"]
[SourceDate "2007.09.24"]

1. d4 d5 2. Nf3 Nf6 3. Bf4 Nbd7 4. e3 e6 5. Bd3 c5 6. Nc3 c4 7. Be2 Bb4 8. O-O
Bxc3 9. bxc3 Ne4 10. Qe1 g5 11. Be5 f6 12. Bg3 h5 13. Nd2 Nxc3 14. h3 f5 15.
Kh1 Nxe2 16. Qxe2 Qe7 17. Nb1 a6 18. a4 b6 19. Nc3 Bb7 20. Rfb1 Qd8 21. Qe1 h4
22. Bd6 g4 23. Ne2 Qf6 24. Nf4 Rg8 25. Qb4 Bc6 26. hxg4 fxg4 27. Bc7 Qf8 28.
Bd6 Qf5 29. Bc7 h3 30. Qd6 hxg2+ 31. Kxg2 Qe4+ 32. Kg1 Rh8 33. Ng2 Bb7 34. Rxb6
Nxb6 35. Qxb6 Qh7 36. Qxe6+ Qe7 37. Qb6 Rc8 38. Qxb7 Qxc7 39. Qxc7 Rxc7 40. Nf4
Rb7 41. Kg2 Rb2 42. Rc1 Rf8 43. Nxd5 Ra2 44. Nc3 Ra3 45. Ne4 Rxa4 46. Kg3 Ke7
47. Kxg4 Rg8+ 48. Kf3 a5 49. Rh1 Ra2 50. Rh7+ Kd8 51. c3 Rf8+ 52. Kg4 Re2 53.
Kg5 Rb2 54. Ra7 Rb5+ 55. Kg4 Rg8+ 56. Kf3 Rf8+ 57. Kg2 Rg8+ 58. Kf1 Rg6 59. Nd2
Rb2 60. Nxc4 Rc2 61. Ne5 Rf6 62. Nd3 Rxc3 63. Nf4 Ra3 64. Ke2 Kc8 65. Kf3 Kb8
66. Rg7 a4 67. Rg1 Ra2 68. Rb1+ Kc8 69. e4 Rc6 70. Nd5 Rcc2 71. Kf4 a3 72. Rb3
Rxf2+ 73. Ke5 Rfb2 74. Rc3+ Kb8 75. Ne7 Ra1 76. Nc6+ Kb7 77. Na5+ Ka8 78. Nc6
a2 79. Ra3+ Kb7 80. Na5+ Kc7 81. d5 Re1 82. Nc4 Rbe2 83. Ra7+ Kb8 84. Rxa2 Rxa2
85. Nd6 Rg2 86. Nb5 Kc8 87. Nd6+ Kd7 88. Nb7 Rc1 0-1

[Event "MCRE_CF17"]
[Site "?"]
[Date "2007.??.??"]
[Round "?"]
[White "Tyrlik, Jaroslav"]
[Black "Mindl, Josef"]
[Result "0-1"]
[WhiteElo "2087"]
[BlackElo "2109"]
[PlyCount "144"]
[EventDate "2007.??.??"]
[EventType "corr"]
[EventRounds "2"]
[SourceDate "2007.09.24"]

1. e4 c5 2. Nf3 Nc6 3. Bc4 e6 4. O-O a6 5. d4 cxd4 6. Nxd4 Qc7 7. Nxc6 Qxc6 8.
Bd3 b6 9. Nc3 Nf6 10. Re1 Bb7 11. Qf3 Be7 12. Qg3 d6 13. Qe3 O-O 14. Qg3 Rfe8
15. Bh6 Bf8 16. Be3 Nd7 17. Be2 b5 18. a3 Ne5 19. Rad1 Nc4 20. Bxc4 Qxc4 21.
Rd2 Rac8 22. f3 d5 23. Bd4 a5 24. b3 Qc6 25. a4 bxa4 26. Nxa4 dxe4 27. fxe4
Rcd8 28. e5 Rd7 29. Qf2 Red8 30. c3 Qb5 31. Rb2 Ba3 32. Rbb1 Bc6 33. Ra1 Bf8
34. Rf1 h6 35. Rab1 Qb7 36. h3 Be4 37. Rb2 Rd5 38. Qe3 Bg6 39. Kh2 Ba3 40. Ra2
Qxb3 41. Qf2 Be7 42. Rfa1 Qb7 43. Rb2 Rb5 44. Nb6 Rxb2 45. Qxb2 Qa6 46. Qf2 Qb5
47. Ra2 Be4 48. Rb2 Qd3 49. Rd2 Qb1 50. Rb2 Qc1 51. Re2 Bc6 52. Re1 Qg5 53. Nc4
a4 54. Ra1 Ra8 55. Nb6 Rb8 56. Kg1 a3 57. Kh2 Rxb6 58. Bxb6 Qxe5+ 59. g3 Qxc3
60. Bd4 Qc4 61. Rd1 Bd5 62. Qe3 f6 63. Qd3 Qxd3 64. Rxd3 a2 65. Ba1 Kf7 66. Rd1
Bc5 67. Rc1 Bb6 68. g4 e5 69. h4 Ke6 70. h5 Bd4 71. Kg3 Bxa1 72. Rxa1 e4 0-1

[Event "MCRE_CF17"]
[Site "?"]
[Date "2007.??.??"]
[Round "?"]
[White "Tyrlik, Jaroslav"]
[Black "Svoboda, Frantisek"]
[Result "1/2-1/2"]
[WhiteElo "2087"]
[BlackElo "2053"]
[PlyCount "129"]
[EventDate "2007.??.??"]
[EventType "corr"]
[EventRounds "2"]
[SourceDate "2007.09.24"]

1. e4 c5 2. Nf3 e6 3. Nc3 d6 4. d4 cxd4 5. Nxd4 Nf6 6. Be2 Be7 7. O-O O-O 8.
Qd3 Nc6 9. Rd1 Nxd4 10. Qxd4 Bd7 11. Qe3 Qc7 12. Qg3 Rfd8 13. Bd3 Bc6 14. a4
Qa5 15. Bh6 g6 16. Bd2 Qe5 17. Bf4 Qc5 18. Be3 Qb4 19. Bd2 Nh5 20. Qh3 Qd4 21.
b4 Nf6 22. b5 Bd7 23. Ne2 Qc5 24. Be3 Qc7 25. Bg5 a6 26. Qh4 Kg7 27. Ng3 Re8
28. bxa6 bxa6 29. a5 h5 30. Rdb1 Rab8 31. Rxb8 Qxb8 32. e5 dxe5 33. Bxa6 Qb2
34. Rd1 Qxc2 35. Rxd7 Nxd7 36. Bxe7 Ra8 37. Bf1 Rxa5 38. Qb4 Ra2 39. Qe1 Qb2
40. h4 f5 41. Bb4 Ra1 42. Qc3 Qxc3 43. Bxc3 Ra3 44. Ne2 Kf7 45. f3 Ke8 46. Bd2
Rd3 47. Bg5 Nc5 48. Nc1 Ra3 49. Bd2 e4 50. Bb4 Ra1 51. Bxc5 Rxc1 52. Be3 Rc3
53. Bd4 Rc2 54. fxe4 fxe4 55. Ba6 Ke7 56. Be5 Rc5 57. Bg7 Rc1+ 58. Kf2 Rc2+ 59.
Be2 Kd6 60. Ke3 Kd5 61. Ba6 Rc7 62. Bd4 e5 63. Bb6 Rc3+ 64. Kf2 Rc2+ 65. Be2
1/2-1/2